| 000 | 00639nam a2200229 a 4500 | ||
|---|---|---|---|
| 001 | 73653 | ||
| 003 | BD-RjUL | ||
| 005 | 20211209082425.0 | ||
| 008 | 170606s1951 enkc 001 0 eng d | ||
| 035 | _a(BD-RjUL)73871 | ||
| 040 |
_aDLC _cGU _dBD-RjUL _beng |
||
| 041 | _aeng | ||
| 082 |
_a642.3 _223 _bBAE 1951 |
||
| 100 | 1 |
_aBattiscombe, Georgina. _9218018 |
|
| 245 | 1 | 0 |
_aEnglish picnics / _cGeorgina Battiscombe |
| 260 |
_aLondon : _bHarvill Press, _cc1949 [reprinting 1951]. |
||
| 300 |
_aix, 212 p : _bill. ; _c23 cm. |
||
| 500 | _aIncludes index | ||
| 650 | 0 |
_aPicnics _xHistory. _9218019 |
|
| 942 |
_2ddc _cBK |
||
| 999 |
_c73653 _d73653 |
||